00279nam a2200121Ia 4500008004100000041000900041082001800050100002600068245001900094260002800113300000800141650000800149230718s9999 xx 000 0 und d aEng. a345.05bTAB-A aTabba. Sum Ch. Sajjad 0aAst of Adovary aPakistanb154 SUEc2010 a306 aLaw